Coldplay Albums Tile Select - Statistics

General Stats
  • This quiz has been taken 287 times
  • The average score is 37 of 45
Answer Stats
Question Tile Select % Correct
the following songs that are on Parachutes (2000). Yellow Yes
97%
the following songs that are on Parachutes (2000). Bigger Stronger No
95%
the following songs that are on Parachutes (2000). No More Keeping My Feet on the Ground No
94%
the following songs that are on Parachutes (2000). Such a Rush No
94%
the following songs that are on Parachutes (2000). Don't Panic Yes
91%
the following songs that are on A Rush of Blood to the Head (2002). The Scientist Yes
91%
the following songs that are on Parachutes (2000). Trouble Yes
91%
the following songs that are on Parachutes (2000). See You Soon No
90%
the following songs that are on A Rush of Blood to the Head (2002). Spies No
90%
the following songs that are on X&Y (2005). Fix You Yes
89%
the following songs that are on A Rush of Blood to the Head (2002). Clocks Yes
88%
the following songs that are on Mylo Xyloto (2011). Every Teardrop Is a Waterfall Yes
88%
the following songs that are on A Rush of Blood to the Head (2002). In My Place Yes
88%
the following songs that are on A Rush of Blood to the Head (2002). Sparks No
87%
the following songs that are on Viva la Vida or Death and All His Friends (2008). Violet Hill Yes
87%
the following songs that are on Viva la Vida or Death and All His Friends (2008). U.F.O. No
86%
the following songs that are on Viva la Vida or Death and All His Friends (2008). Low No
85%
the following songs that are on X&Y (2005). Politik No
85%
the following songs that are on A Rush of Blood to the Head (2002). Shiver No
85%
the following songs that are on X&Y (2005). Speed of Sound Yes
85%
the following songs that are on X&Y (2005). Green Eyes No
84%
the following songs that are on X&Y (2005). God Put a Smile upon Your Face No
83%
the following songs that are on A Rush of Blood to the Head (2002). High Speed No
83%
the following songs that are on Mylo Xyloto (2011). Ink No
83%
the following songs that are on Mylo Xyloto (2011). Midnight No
83%
the following songs that are on Mylo Xyloto (2011). Lost! No
82%
the following songs that are on Viva la Vida or Death and All His Friends (2008). Strawberry Swing Yes
82%
the following songs that are on Viva la Vida or Death and All His Friends (2008). Swallowed in the Sea No
82%
the following songs that are on A Rush of Blood to the Head (2002). Amsterdam Yes
80%
the following songs that are on Mylo Xyloto (2011). A Sky Full of Stars No
79%
the following songs that are on Mylo Xyloto (2011). Yes No
79%
the following songs that are on Viva la Vida or Death and All His Friends (2008). Life in Technicolor Yes
78%
the following songs that are on Viva la Vida or Death and All His Friends (2008). Cemeteries of London Yes
77%
the following songs that are on Viva la Vida or Death and All His Friends (2008). Til Kingdom Come No
75%
the following songs that are on Viva la Vida or Death and All His Friends (2008). 42 Yes
74%
the following songs that are on X&Y (2005). A Whisper No
74%
the following songs that are on Parachutes (2000). Everything's Not Lost Yes
74%
the following songs that are on X&Y (2005). The Hardest Part Yes
71%
the following songs that are on Mylo Xyloto (2011). Major Minus Yes
69%
the following songs that are on X&Y (2005). Twisted Logic Yes
68%
the following songs that are on Mylo Xyloto (2011). Up with the Birds Yes
68%
the following songs that are on A Rush of Blood to the Head (2002). Warning Sign Yes
68%
the following songs that are on Parachutes (2000). We Never Change Yes
68%
the following songs that are on X&Y (2005). What If Yes
68%
the following songs that are on Mylo Xyloto (2011). Up in Flames Yes
66%
No matching quizzes found
Score Distribution
Percent of People with Each Score
Percentile by Number Answered
Your Score History
You have not taken this quiz